|
|
|
|
| LEADER |
00000cam a2200000 4500 |
| 001 |
vtls011881820 |
| 003 |
SK-MaSNL |
| 005 |
20260301145954.0 |
| 008 |
190815s2015 xxkoab grhf 001 0 eng |
| 020 |
|
|
|a 9780198832492
|q (brožované)
|
| 040 |
|
|
|a SNK
|b slo
|c SNK
|e rda
|
| 041 |
0 |
|
|a eng
|
| 072 |
|
7 |
|a 903
|x Pravek
|2 konspekt
|
| 072 |
|
7 |
|a 72/76
|x Výtvarné umenie
|2 konspekt
|
| 080 |
|
|
|a 903"634"
|2 2011
|
| 080 |
|
|
|a 72/76
|2 2011
|
| 100 |
|
|
|a Fowler, Chris
|4 aut
|9 506525
|
| 245 |
1 |
4 |
|a The Oxford handbook of neolithic Europe
|c edited by Jan Harding and Daniela Hofmann
|
| 250 |
|
|
|a First edition
|
| 264 |
|
1 |
|a Oxford
|b Oxford University Press
|c 2015
|
| 300 |
|
|
|a xxvi, 1166 strán
|b ilustrácie, fotografie, grafy, mapy
|c 26 cm
|
| 336 |
|
|
|a text
|b txt
|2 rdacontent
|
| 337 |
|
|
|a bez média
|b n
|2 rdamedia
|
| 338 |
|
|
|a zväzok
|b nc
|2 rdacarrier
|
| 504 |
|
|
|a Obsahuje bibliografiu ; register
|
| 650 |
0 |
7 |
|a neolit
|2 SNKPH
|9 51830
|
| 650 |
0 |
7 |
|a výtvarné umenie
|2 SNKPH
|9 723
|
| 650 |
0 |
7 |
|a Neolithic period
|2 SNKPHeng
|9 330154
|
| 650 |
0 |
7 |
|a Fine art
|2 SNKPHeng
|9 265088
|
| 700 |
1 |
|
|a Harding, Jan
|4 edt
|9 506526
|
| 700 |
1 |
|
|a Hofmann, Daniela
|4 edt
|9 506527
|
| 852 |
|
|
|a Akadémia umení v Banskej Bystrici
|
| 919 |
|
|
|a 978-0-19-883249-2
|
| 999 |
|
|
|c 782003
|d 783933
|
| 952 |
|
|
|t snkFOW 903
|a SNKUST
|b SNKUST
|y PREZ
|7 0
|p 17A1375505
|o snkIC 144915
|i snk2019/20932
|8 3
|g 70.29
|0 0
|1 0
|4 0
|d 2019-08-15
|l 0
|r 2025-05-28 00:00:00
|w 2026-02-24
|